<?xml version="1.0" encoding="UTF-8"?>
<record
    xmlns:xsi="http://www.w3.org/2001/XMLSchema-instance"
    xsi:schemaLocation="http://www.loc.gov/MARC21/slim http://www.loc.gov/standards/marcxml/schema/MARC21slim.xsd"
    xmlns="http://www.loc.gov/MARC21/slim">

  <leader>03619njm a2200541Ia 4500</leader>
  <controlfield tag="001">23921</controlfield>
  <controlfield tag="003">IT-RoPAU</controlfield>
  <controlfield tag="005">20220918181154.0</controlfield>
  <controlfield tag="008">131025s9999    xx            000 0 und d</controlfield>
  <datafield tag="040" ind1=" " ind2=" ">
    <subfield code="a">IT-RoPAU</subfield>
  </datafield>
  <datafield tag="040" ind1=" " ind2=" ">
    <subfield code="c">IT-RoPAU</subfield>
  </datafield>
  <datafield tag="041" ind1=" " ind2=" ">
    <subfield code="a">ITALIANO</subfield>
  </datafield>
  <datafield tag="999" ind1=" " ind2=" ">
    <subfield code="c">102418</subfield>
    <subfield code="d">102418</subfield>
  </datafield>
  <datafield tag="999" ind1=" " ind2=" ">
    <subfield code="b">n.d.</subfield>
  </datafield>
  <datafield tag="100" ind1=" " ind2=" ">
    <subfield code="a">AA.VV.</subfield>
    <subfield code="9">794</subfield>
  </datafield>
  <datafield tag="100" ind1=" " ind2=" ">
    <subfield code="e">Autore musica</subfield>
    <subfield code="9">7513</subfield>
  </datafield>
  <datafield tag="100" ind1=" " ind2=" ">
    <subfield code="g">Codice autore musica SPICS: 12000</subfield>
    <subfield code="9">796</subfield>
  </datafield>
  <datafield tag="245" ind1=" " ind2=" ">
    <subfield code="a">Canzoniere dei bambini (Il) vol.2-Lp Sm 3411</subfield>
  </datafield>
  <datafield tag="250" ind1=" " ind2=" ">
    <subfield code="a">1a ed.</subfield>
  </datafield>
  <datafield tag="260" ind1=" " ind2=" ">
    <subfield code="a">ITALIA</subfield>
  </datafield>
  <datafield tag="260" ind1=" " ind2=" ">
    <subfield code="b">SIGNAL RECORD</subfield>
    <subfield code="c">1972 [1a Ed.:1972]</subfield>
  </datafield>
  <datafield tag="300" ind1=" " ind2=" ">
    <subfield code="a">DISCO</subfield>
  </datafield>
  <datafield tag="500" ind1=" " ind2=" ">
    <subfield code="a">Canzoni per bambini. Musica per bambini.</subfield>
  </datafield>
  <datafield tag="505" ind1=" " ind2=" ">
    <subfield code="a">La marcia di Topolino - Ehi Oh - Ricordate Marcellino - La scuola di Pierino - Trombolino e Pennacchietta - Dudulal&#xE0; - I Tre porcellini. Who's Afraid of the Big Bad Wolf? - Cin cin... Ping pong - E verr&#xE0; quel d&#xEC; di lune - Il piccolo naviglio - Il mio bel castello - Ma che musica maestro</subfield>
  </datafield>
  <datafield tag="511" ind1=" " ind2=" ">
    <subfield code="a">Coro de I Sanremini diretti da Ornella Bazzini</subfield>
  </datafield>
  <datafield tag="650" ind1=" " ind2=" ">
    <subfield code="a">CANTI BAMBINI [DISCHI]</subfield>
    <subfield code="e">Codice MATERIA SPICS: 9950</subfield>
    <subfield code="9">2086</subfield>
  </datafield>
  <datafield tag="700" ind1=" " ind2=" ">
    <subfield code="a">I Sanremini</subfield>
    <subfield code="d">Codice interprete SPICS: 14058</subfield>
    <subfield code="e">Interprete</subfield>
    <subfield code="9">7514</subfield>
  </datafield>
  <datafield tag="700" ind1=" " ind2=" ">
    <subfield code="a">Testoni Giancarlo</subfield>
    <subfield code="d">Codice autore musica SPICS: 13524</subfield>
    <subfield code="e">Autore musica</subfield>
    <subfield code="p">La marcia di Topolino</subfield>
    <subfield code="9">7515</subfield>
  </datafield>
  <datafield tag="700" ind1=" " ind2=" ">
    <subfield code="a">Devilli (Curci Alberto)</subfield>
    <subfield code="d">Codice autore SPICS: 13392</subfield>
    <subfield code="e">Autore</subfield>
    <subfield code="p">La marcia di Topolino - Ehi Oh</subfield>
    <subfield code="9">7516</subfield>
  </datafield>
  <datafield tag="700" ind1=" " ind2=" ">
    <subfield code="a">Dodd Dorsey</subfield>
    <subfield code="d">Codice autore testo/musica SPICS: 8019</subfield>
    <subfield code="e">Autore testo/musica</subfield>
    <subfield code="p">La marcia di Topolino</subfield>
    <subfield code="9">7517</subfield>
  </datafield>
  <datafield tag="700" ind1=" " ind2=" ">
    <subfield code="a">Morey</subfield>
    <subfield code="d">Codice autore musica SPICS: 25269</subfield>
    <subfield code="e">Autore musica</subfield>
    <subfield code="p">Ehi Oh</subfield>
    <subfield code="9">7518</subfield>
  </datafield>
  <datafield tag="700" ind1=" " ind2=" ">
    <subfield code="a">Panzeri Mario</subfield>
    <subfield code="d">Codice autore testo/musica SPICS: 13372</subfield>
    <subfield code="e">Autore testo/musica</subfield>
    <subfield code="p">Ehi Oh</subfield>
    <subfield code="9">7519</subfield>
  </datafield>
  <datafield tag="700" ind1=" " ind2=" ">
    <subfield code="a">Savona Virgilio A.</subfield>
    <subfield code="d">Codice autore musica SPICS: 1568</subfield>
    <subfield code="e">Autore musica</subfield>
    <subfield code="p">Ricordate Marcellino</subfield>
    <subfield code="9">7520</subfield>
  </datafield>
  <datafield tag="700" ind1=" " ind2=" ">
    <subfield code="a">Giacobetti Giovanni (Tata)</subfield>
    <subfield code="d">Codice autore testo/musica SPICS: 13483</subfield>
    <subfield code="e">Autore testo/musica</subfield>
    <subfield code="p">Ricordate Marcellino - Trombolino e Pennacchietta</subfield>
    <subfield code="9">7521</subfield>
  </datafield>
  <datafield tag="700" ind1=" " ind2=" ">
    <subfield code="a">Balloni</subfield>
    <subfield code="d">Codice autore musica SPICS: 14141</subfield>
    <subfield code="e">Autore musica</subfield>
    <subfield code="p">La scuola di Pierino - Cin cin... Ping pong - E verr&#xE0; quel d&#xEC; di lune - Il piccolo naviglio - Il mio bel castello</subfield>
    <subfield code="9">7522</subfield>
  </datafield>
  <datafield tag="700" ind1=" " ind2=" ">
    <subfield code="a">Kramer Gorni</subfield>
    <subfield code="d">Codice autore testo/musica SPICS: 11552</subfield>
    <subfield code="e">Autore testo/musica</subfield>
    <subfield code="p">Trombolino e Pennacchietta</subfield>
    <subfield code="9">7523</subfield>
  </datafield>
  <datafield tag="700" ind1=" " ind2=" ">
    <subfield code="a">Levi</subfield>
    <subfield code="d">Codice autore musica SPICS: 22692</subfield>
    <subfield code="e">Autore musica</subfield>
    <subfield code="p">Dudulal&#xE0;</subfield>
    <subfield code="9">7524</subfield>
  </datafield>
  <datafield tag="700" ind1=" " ind2=" ">
    <subfield code="a">Carballo</subfield>
    <subfield code="d">Codice autore SPICS: 26133</subfield>
    <subfield code="e">Autore</subfield>
    <subfield code="p">Dudulal&#xE0;</subfield>
    <subfield code="9">7525</subfield>
  </datafield>
  <datafield tag="700" ind1=" " ind2=" ">
    <subfield code="a">Climax</subfield>
    <subfield code="d">Codice autore testo/musica SPICS: 26134</subfield>
    <subfield code="e">Autore testo/musica</subfield>
    <subfield code="p">Dudulal&#xE0;</subfield>
    <subfield code="9">7526</subfield>
  </datafield>
  <datafield tag="700" ind1=" " ind2=" ">
    <subfield code="a">Churchill</subfield>
    <subfield code="d">Codice autore musica SPICS: 13393</subfield>
    <subfield code="e">Autore musica</subfield>
    <subfield code="p">I Tre porcellini. Who's Afraid of the Big Bad Wolf?</subfield>
    <subfield code="9">7527</subfield>
  </datafield>
  <datafield tag="700" ind1=" " ind2=" ">
    <subfield code="a">Misselvia</subfield>
    <subfield code="d">Codice autore SPICS: 14169</subfield>
    <subfield code="e">Autore</subfield>
    <subfield code="p">I Tre porcellini. Who's Afraid of the Big Bad Wolf?</subfield>
    <subfield code="9">7528</subfield>
  </datafield>
  <datafield tag="700" ind1=" " ind2=" ">
    <subfield code="a">Wayne M.</subfield>
    <subfield code="d">Codice autore testo/musica SPICS: 25135</subfield>
    <subfield code="e">Autore testo/musica</subfield>
    <subfield code="p">I Tre porcellini. Who's Afraid of the Big Bad Wolf?</subfield>
    <subfield code="9">7529</subfield>
  </datafield>
  <datafield tag="700" ind1=" " ind2=" ">
    <subfield code="a">Moretto G.</subfield>
    <subfield code="d">Codice autore SPICS: 14142</subfield>
    <subfield code="e">Autore</subfield>
    <subfield code="p">Cin cin... Ping pong - E verr&#xE0; quel d&#xEC; di lune - Il piccolo naviglio - Il mio bel castello</subfield>
    <subfield code="9">7530</subfield>
  </datafield>
  <datafield tag="700" ind1=" " ind2=" ">
    <subfield code="a">Anonimo</subfield>
    <subfield code="d">Codice autore musica SPICS: 2620</subfield>
    <subfield code="e">Autore musica</subfield>
    <subfield code="p">E verr&#xE0; quel d&#xEC; di lune - Il piccolo naviglio - Il mio bel castello</subfield>
    <subfield code="9">7531</subfield>
  </datafield>
  <datafield tag="700" ind1=" " ind2=" ">
    <subfield code="a">Paolini Adriana</subfield>
    <subfield code="d">Codice autore musica SPICS: 25277</subfield>
    <subfield code="e">Autore musica</subfield>
    <subfield code="p">Ma che musica maestro</subfield>
    <subfield code="9">7532</subfield>
  </datafield>
  <datafield tag="700" ind1=" " ind2=" ">
    <subfield code="a">Pisano Luigi</subfield>
    <subfield code="d">Codice autore SPICS: 13579</subfield>
    <subfield code="e">Autore</subfield>
    <subfield code="p">Ma che musica maestro</subfield>
    <subfield code="9">7533</subfield>
  </datafield>
  <datafield tag="700" ind1=" " ind2=" ">
    <subfield code="a">Silvestri Franco</subfield>
    <subfield code="d">Codice autore testo/musica SPICS: 13543</subfield>
    <subfield code="e">Autore testo/musica</subfield>
    <subfield code="p">Ma che musica maestro</subfield>
    <subfield code="9">7534</subfield>
  </datafield>
  <datafield tag="942" ind1=" " ind2=" ">
    <subfield code="c">MD</subfield>
    <subfield code="2">ddc</subfield>
  </datafield>
  <datafield tag="952" ind1=" " ind2=" ">
    <subfield code="0">0</subfield>
    <subfield code="1">0</subfield>
    <subfield code="4">0</subfield>
    <subfield code="6">23921_000000000000000</subfield>
    <subfield code="7">1</subfield>
    <subfield code="a">SPICS</subfield>
    <subfield code="b">SPICS</subfield>
    <subfield code="d">2013-10-25</subfield>
    <subfield code="l">0</subfield>
    <subfield code="o">23921</subfield>
    <subfield code="r">2013-10-25 00:00:00</subfield>
    <subfield code="w">2013-10-25</subfield>
    <subfield code="y">MD</subfield>
    <subfield code="z">Progr. Ins.: 4768 / N.Vol.: 1 / Copie: 1 - Copia rara: n.d. / date import: 01.01.2014 - By Epidotti, Trombetti, Vaglietti</subfield>
  </datafield>
</record>
